000 00639nam a2200241Ia 4500
003 OSt
005 20220918192830.0
006 a|||||r|||| 00| 0
007 ta
008 220917b |||||||| |||| 00| 0 eng d
024 _a70,604
037 _cTextual
040 _aARTS
_cARTS
_beng
041 _2eng
_aeng
082 _aR39(S:3), M4
100 _aShoemaker Sydney
_980388
245 0 _aIdentity, cause and mind
_b philosophy essays
260 _aCambridge
_bCUP
_c1984
300 _aix,365p.
_ccm.
500 _aBib 358-63p
942 _hR39(S:3), M4
_cTEXL
_2CC
999 _c196700
_d196700